[Event "Juvisy 2023 MIF"]
[Site "?"]
[Date "2023.07.27"]
[Round "4"]
[White "RALISON, Milanto Harifidy"]
[Black "FONTE SANCHEZ, Paula"]
[Result "1-0"]
[WhiteElo "2274"]
[BlackElo "1979"]
[PlyCount "127"]
[SourceDate "2023.07.13"]

1. e4 d5 2. exd5 Qxd5 3. Nc3 Qa5 4. d4 Nf6 5. Nf3 c6 6. Bc4 Bf5 7. O-O Nbd7 8.
Bf4 e6 9. a3 Be7 10. b4 Qd8 11. h3 Nd5 12. Bd2 O-O 13. Ne2 Bd6 14. Bg5 Qc7 15.
Bb3 b5 16. c4 bxc4 17. Bxc4 a5 18. b5 N7b6 19. Bd3 Bxd3 20. Qxd3 cxb5 21. Qxb5
Rfb8 22. Rfc1 Qd7 23. Qd3 Nc7 24. Nc3 Nbd5 25. Ne4 a4 26. Ne5 Bxe5 27. dxe5 Rb3
28. Qd1 Qe8 29. Rxc7 Nxc7 30. Nf6+ gxf6 31. Bxf6 Qb5 32. Qg4+ Kf8 33. Qg7+ Ke8
34. Rc1 Qb6 35. Rd1 Qc5 36. Qg8+ Qf8 37. Qxh7 Nd5 38. Bg7 Qxa3 39. Qg8+ Kd7 40.
Qxf7+ Qe7 41. Rxd5+ exd5 42. e6+ Kd6 43. Be5+ Kxe5 44. Qxe7 a3 45. Qc7+ Kd4 46.
Qf4+ Kc3 47. Qc1+ Kb4 48. Qd2+ Kc4 49. Qe2+ Rd3 50. e7 a2 51. Qxa2+ Rxa2 52.
e8=Q Rd1+ 53. Kh2 Rdd2 54. Qc6+ Kd4 55. Qf6+ Kc4 56. Qc6+ Kd4 57. Qb6+ Kc3 58.
Qc5+ Kb3 59. h4 d4 60. Qd5+ Ka3 61. Kh3 d3 62. h5 Rd1 63. Kg3 d2 64. Qf3+ 1-0

[Event "Juvisy 2023 MIF"]
[Site "?"]
[Date "2023.07.27"]
[Round "7"]
[White "IGLESIAS, Yosha"]
[Black "LAM, Sophie"]
[Result "1-0"]
[WhiteElo "2206"]
[BlackElo "2064"]
[PlyCount "51"]
[SourceDate "2023.07.13"]

1. d4 d6 2. e4 g6 3. Nf3 Bg7 4. Nbd2 c6 5. Bd3 Nd7 6. O-O Qc7 7. a4 e5 8. dxe5
dxe5 9. Nc4 Nb6 10. b3 Ne7 11. Ba3 Nxc4 12. Bxc4 c5 13. Bb5+ Kf8 14. Bxc5 Bg4
15. Bd6 Bxf3 16. Bxc7 Bxd1 17. Raxd1 Bf6 18. Rd7 a6 19. Bc4 Rc8 20. f4 exf4 21.
Bxf4 Ke8 22. Rxb7 Bd4+ 23. Kh1 f6 24. Rd1 Be5 25. Rdd7 Nc6 26. Bf7+ 1-0

[Event "Juvisy 2023 MIF"]
[Site "?"]
[Date "2023.07.27"]
[Round "7"]
[White "FONTE SANCHEZ, Paula"]
[Black "LAZO, Andrei"]
[Result "0-1"]
[WhiteElo "1979"]
[BlackElo "2194"]
[PlyCount "82"]
[SourceDate "2023.07.13"]

1. Nf3 Nf6 2. g3 d5 3. d3 c5 4. Bg2 Nc6 5. Nbd2 e6 6. O-O b6 7. e4 Bb7 8. Re1
Be7 9. c3 Qc7 10. Qe2 h6 11. h3 O-O-O 12. Nf1 g5 13. e5 Nd7 14. d4 Rdg8 15. Be3
h5 16. N3d2 f5 17. exf6 Bxf6 18. Nb3 c4 19. Nbd2 Re8 20. f4 gxf4 21. gxf4 Bh4
22. Rec1 b5 23. Nf3 Be7 24. Ng5 Nd8 25. Nh2 Bd6 26. Rf1 Ref8 27. Qd2 Rf5 28. h4
Rhf8 29. Bh3 R5f6 30. Nh7 Rg8+ 31. Kh1 Rfg6 32. Ng5 Kb8 33. Rg1 Nf8 34. Nhf3
Bc8 35. Ne5 Bxe5 36. dxe5 R6g7 37. a4 bxa4 38. Rxa4 d4 39. Qxd4 Qc6+ 40. Bg2
Qxa4 41. Qxd8 Nd7 0-1

[Event "Juvisy 2023 MIF"]
[Site "?"]
[Date "2023.07.27"]
[Round "7"]
[White "BOSC, Seraphina"]
[Black "AFRAOUI, Anaelle"]
[Result "1-0"]
[WhiteElo "2134"]
[BlackElo "2128"]
[PlyCount "93"]
[SourceDate "2023.07.13"]

1. e4 c5 2. Nc3 d6 3. d4 cxd4 4. Qxd4 Nc6 5. Qd2 Nf6 6. b3 g6 7. Bb2 Bg7 8.
O-O-O O-O 9. f3 Qa5 10. Kb1 Bd7 11. g4 Rfc8 12. h4 h5 13. g5 Nh7 14. Nge2 Nf8
15. f4 Kh7 16. a3 Bg4 17. Bh3 Bxh3 18. Rxh3 b5 19. Qd5 b4 20. Qxa5 Nxa5 21.
axb4 Nc6 22. Nd5 Rab8 23. Bxg7 Kxg7 24. Rc3 Nd7 25. Nd4 Nxd4 26. Rxd4 e5 27.
Rxc8 Rxc8 28. Rd3 exf4 29. Nxf4 Rc6 30. b5 Rb6 31. c4 Ne5 32. Rc3 Rb7 33. Kc2
Kf8 34. Nd5 Ke8 35. b4 Kd7 36. Kb3 Ke6 37. Nf4+ Ke7 38. Ka4 Nd7 39. c5 Rb8 40.
Ka5 Kd8 41. Rd3 dxc5 42. bxc5 Kc8 43. Rd5 Kc7 44. Rd6 Ne5 45. Nd5+ Kc8 46. Ra6
Nd7 47. Rxa7 1-0

[Event "Juvisy 2023 MIF"]
[Site "?"]
[Date "2023.07.27"]
[Round "7"]
[White "BELKHODJA, Slim"]
[Black "RALISON, Milanto Harifidy"]
[Result "0-1"]
[WhiteElo "2286"]
[BlackElo "2274"]
[PlyCount "92"]
[SourceDate "2023.07.13"]

1. e4 d5 2. exd5 Nf6 3. d4 Nxd5 4. Nf3 g6 5. Bc4 Bg7 6. O-O O-O 7. Re1 Nc6 8.
c3 Nb6 9. Nbd2 Bg4 10. Be2 Re8 11. a4 a5 12. Ne5 Nxe5 13. dxe5 Be6 14. Bg4 Qd7
15. Bxe6 Qxe6 16. Nf3 Rad8 17. Qc2 Qc6 18. Be3 Nd5 19. Bd4 Nf4 20. Re4 Ne6 21.
Rae1 Qd7 22. h4 h6 23. Qb3 b6 24. g3 Rb8 25. Be3 Red8 26. Qc2 b5 27. axb5 Rxb5
28. Nd2 Rxe5 29. Rxe5 Bxe5 30. Nc4 Bg7 31. Nxa5 Qb5 32. Ra1 c5 33. Qb3 Qe2 34.
Nc6 Rd3 35. Nxe7+ Kh7 36. Bxc5 Qf3 37. Qb8 Bf8 38. Bb4 Rd2 39. Rf1 Rxb2 40. Qd6
Bxe7 41. Qxe7 Rc2 42. Qd6 g5 43. hxg5 Nxg5 44. Bc5 Qe4 45. Be3 Nf3+ 46. Kg2
Qxe3 0-1

[Event "Juvisy 2023 MIF"]
[Site "?"]
[Date "2023.07.27"]
[Round "7"]
[White "SHIRAZI, Kamran"]
[Black "SCHIPPKE, Manon"]
[Result "1/2-1/2"]
[WhiteElo "2279"]
[BlackElo "2178"]
[PlyCount "136"]
[SourceDate "2023.07.13"]

1. e4 c5 2. b3 g6 3. Bb2 Nf6 4. e5 Nd5 5. h4 Bg7 6. h5 d6 7. Bb5+ Nc6 8. Bxc6+
bxc6 9. Qe2 Bf5 10. Na3 Nf4 11. Qf3 dxe5 12. hxg6 hxg6 13. Rxh8+ Bxh8 14. O-O-O
Qd5 15. Qc3 Bf6 16. g3 Ne6 17. Nc4 Nd4 18. Ne3 Qd6 19. Qa5 Rd8 20. Ba3 Nb5 21.
Ne2 Be4 22. Nc4 Qd5 23. Ne3 Qd7 24. Bxc5 Bf3 25. Re1 e4 26. Nc4 Qd5 27. Bb4 Qh5
28. Nc3 Bd4 29. Nxb5 cxb5 30. Qc7 Qg5 31. Ba5 Bb6 32. Nxb6 axb6 33. Qxb6 Rc8
34. Re3 f6 35. Qb7 Qf5 36. Rc3 Rxc3 37. Bxc3 Qc5 38. b4 Qc4 39. Kb2 Kf7 40. d3
Qe6 41. Qxb5 Be2 42. a4 exd3 43. cxd3 Qh3 44. Qc4+ Kf8 45. Qc5 Kf7 46. a5 Qg2
47. Qc4+ Kf8 48. Qf4 g5 49. Qe3 Bd1 50. b5 Qd5 51. Qd2 Qxb5+ 52. Kc1 Ba4 53.
Bb4 Qc6+ 54. Qc3 Qxc3+ 55. Bxc3 g4 56. Kb2 Ke8 57. Ka3 Bc2 58. d4 Kd7 59. a6
Kc8 60. Kb4 e6 61. Bd2 Kb8 62. Ka5 f5 63. Kb6 Bb3 64. Bf4+ Ka8 65. Be5 Bc4 66.
Bd6 Bb3 67. Bf4 Ba2 68. Be3 Bb3 1/2-1/2

[Event "Juvisy 2023 MIF"]
[Site "?"]
[Date "2023.07.28"]
[Round "8"]
[White "RALISON, Milanto Harifidy"]
[Black "IGLESIAS, Yosha"]
[Result "1-0"]
[WhiteElo "2274"]
[BlackElo "2206"]
[PlyCount "55"]
[SourceDate "2023.07.13"]

1. e4 c6 2. d4 d5 3. e5 c5 4. c3 Nc6 5. Be2 Qc7 6. Na3 cxd4 7. cxd4 a6 8. Nf3
Bg4 9. O-O e6 10. Be3 Nge7 11. Rc1 Nc8 12. Nc2 Bxf3 13. Bxf3 Nb6 14. b3 Nc8 15.
Be2 N8a7 16. a4 Qb6 17. f4 g6 18. g4 Nb4 19. f5 Nac6 20. Qe1 O-O-O 21. fxe6
Nxc2 22. Rxc2 fxe6 23. a5 Qxb3 24. Rc3 Qa4 25. Qb1 Kb8 26. Qb6 Bb4 27. Rf7 Be7
28. Rxe7 1-0

[Event "Juvisy 2023 MIF"]
[Site "?"]
[Date "2023.07.28"]
[Round "8"]
[White "AFRAOUI, Anaelle"]
[Black "BELKODJA, Slim"]
[Result "1-0"]
[WhiteElo "2128"]
[BlackElo "2286"]
[PlyCount "69"]
[SourceDate "2023.07.13"]

1. e4 d6 2. d4 Nf6 3. Nc3 c6 4. Nf3 Qa5 5. e5 Ne4 6. Bd2 Nxd2 7. Qxd2 Bg4 8.
exd6 Bxf3 9. dxe7 Bxe7 10. gxf3 O-O 11. Ne4 Qh5 12. O-O-O Qxf3 13. Bd3 Nd7 14.
Rhg1 Nf6 15. Ng3 Nd5 16. c4 Bb4 17. Qc2 Nf6 18. Kb1 Kh8 19. a3 Ba5 20. Be2 Qf4
21. Rd3 Rad8 22. Rf3 Qxd4 23. Qf5 Bc7 24. Ka2 Be5 25. Rb3 b6 26. Qb1 g6 27. Rf3
Nd7 28. Ne4 Nc5 29. Ng5 f5 30. Rh3 Qxf2 31. Nxh7 Rd2 32. Nxf8+ Kg7 33. Rxg6+
Kxf8 34. Rf3 Qxf3 35. Bxf3 1-0

[Event "Juvisy 2023 MIF"]
[Site "?"]
[Date "2023.07.28"]
[Round "8"]
[White "SCHIPPKE, Manon"]
[Black "BOSC, Seraphina"]
[Result "0-1"]
[WhiteElo "2178"]
[BlackElo "2134"]
[PlyCount "104"]
[SourceDate "2023.07.13"]

1. d4 Nf6 2. c4 e6 3. Nc3 d5 4. cxd5 exd5 5. Bg5 c6 6. e3 g6 7. Bd3 Be7 8. Qc2
O-O 9. Nf3 Re8 10. O-O-O Nbd7 11. h4 c5 12. h5 c4 13. Be2 b5 14. hxg6 fxg6 15.
Ne5 Nxe5 16. dxe5 Bf5 17. Qd2 Ne4 18. Bxe7 Nxc3 19. bxc3 Qxe7 20. Qxd5+ Kg7 21.
Qd6 Qxe5 22. Qxe5+ Rxe5 23. Bf3 Rb8 24. Rd4 h5 25. g4 hxg4 26. Bxg4 Bxg4 27.
Rxg4 Rf8 28. Rh2 Rf6 29. Rd4 Re7 30. Rd8 Rff7 31. Rhh8 Rxf2 32. Rdg8+ Kf6 33.
Rf8+ Rf7 34. Rxf7+ Kxf7 35. Rh7+ Ke6 36. Rxa7 Kd5 37. a4 bxa4 38. Rxa4 Rg2 39.
Kd1 g5 40. Ke1 g4 41. e4+ Kxe4 42. Rxc4+ Kf3 43. Rc8 Rc2 44. c4 g3 45. Rf8+ Kg2
46. Rc8 Kh1 47. Rg8 g2 48. Rh8+ Kg1 49. Rc8 Rc3 50. Rh8 Re3+ 51. Kd2 Kf2 52.
Rg8 Rf3 0-1

[Event "Juvisy 2023 MIF"]
[Site "?"]
[Date "2023.07.29"]
[Round "9"]
[White "BOSC, Seraphina"]
[Black "FONTE SANCHEZ, Paula"]
[Result "1/2-1/2"]
[WhiteElo "2134"]
[BlackElo "1979"]
[PlyCount "141"]
[SourceDate "2023.07.13"]

1. b3 e5 2. Bb2 d6 3. c4 g6 4. d4 Nd7 5. e3 Bg7 6. Nc3 Ngf6 7. Nf3 c6 8. dxe5
dxe5 9. Qd6 Qe7 10. Qxe7+ Kxe7 11. Ba3+ Ke8 12. O-O-O Ng4 13. Ne4 Bf8 14. Bxf8
Kxf8 15. h3 f5 16. hxg4 fxe4 17. Ng5 Nf6 18. Be2 Ke7 19. Rh4 h6 20. Rdh1 Bxg4
21. Bxg4 Nxg4 22. Nxe4 h5 23. Kd2 Rad8+ 24. Ke2 b6 25. f3 Nf6 26. g4 Nxe4 27.
fxe4 Rhg8 28. gxh5 gxh5 29. Rxh5 Rg2+ 30. Kf3 Rdd2 31. Rf1 Rxa2 32. Rxe5+ Kd6
33. Rh5 Rab2 34. e5+ Ke6 35. Ke4 Rg7 36. Rh6+ Kd7 37. e6+ Ke8 38. Rd1 Rbg2 39.
Ke5 R7g6 40. Rh8+ Rg8 41. Rxg8+ Rxg8 42. Rd7 Rg3 43. Rxa7 Rxe3+ 44. Kd6 Rd3+
45. Kxc6 Rxb3 46. Rb7 Re3 47. Kd5 Rd3+ 48. Ke4 Rb3 49. Kd5 Rd3+ 50. Kc6 Rc3 51.
Kb5 Rb3+ 52. Ka6 Rb4 53. Rc7 Rb1 54. Ka7 Rb4 55. Kb7 Kd8 56. Rc6 Ke7 57. Kc7 b5
58. c5 Rc4 59. Kb6 b4 60. Kb5 Re4 61. Rb6 b3 62. Rb7+ Kd8 63. Ka5 Re5 64. e7+
Ke8 65. Rb5 b2 66. Kb6 Re2 67. c6 Kxe7 68. Kb7 Rc2 69. c7 Kd7 70. c8=Q+ Rxc8
71. Rxb2 1/2-1/2

[Event "Juvisy 2023 MIF"]
[Site "?"]
[Date "2023.07.29"]
[Round "9"]
[White "SHIRAZI, Kamran"]
[Black "LAZO, Andrei"]
[Result "1-0"]
[WhiteElo "2279"]
[BlackElo "2194"]
[PlyCount "83"]
[SourceDate "2023.07.13"]

1. Nf3 d5 2. g3 c6 3. Bg2 Bg4 4. h3 Bxf3 5. Bxf3 e5 6. c4 dxc4 7. Qc2 Qd4 8.
O-O Nf6 9. a4 e4 10. Bg2 Nbd7 11. Na3 Bxa3 12. Rxa3 O-O 13. Kh2 Rfe8 14. b3
cxb3 15. Qxb3 Nc5 16. Qc2 Rad8 17. a5 b6 18. Rc3 Qe5 19. axb6 axb6 20. Rc4 Qh5
21. Re1 Re6 22. Bb2 Ng4+ 23. Kg1 Ne5 24. Bxe5 Qxe5 25. Rb1 Red6 26. Qb2 Qxb2
27. Rxb2 Rxd2 28. Rxb6 Nd7 29. Rb1 Nf6 30. Bxe4 Rxe2 31. Bf3 Ra2 32. Rb7 Ra3
33. Kg2 h6 34. Rxc6 Ra2 35. g4 Rdd2 36. Rc8+ Kh7 37. Rxf7 Rxf2+ 38. Kg3 Rf1 39.
Rcc7 Kh8 40. Rf8+ Kh7 41. Rxf6 Rg1+ 42. Kh4 1-0

[Event "Juvisy 2023 MIF"]
[Site "?"]
[Date "2023.07.29"]
[Round "9"]
[White "IGLESIAS, Yosha"]
[Black "AFRAOUI, Anaelle"]
[Result "1-0"]
[WhiteElo "2206"]
[BlackElo "2128"]
[PlyCount "161"]
[SourceDate "2023.07.13"]

1. d4 Nf6 2. Nf3 g6 3. Nbd2 d5 4. e3 Bg7 5. b4 O-O 6. c4 Bf5 7. a4 Nc6 8. Ba3
a5 9. b5 Nb4 10. Bxb4 axb4 11. Qb3 c5 12. bxc6 bxc6 13. Qxb4 Nd7 14. cxd5 c5
15. Qa3 Bc2 16. Bb5 cxd4 17. Nxd4 Bxd4 18. exd4 Nb6 19. Bc6 Rc8 20. O-O Nxd5
21. Qc5 Nb4 22. Qxb4 Rxc6 23. Rfc1 Qc7 24. d5 Rc5 25. a5 Rb8 26. Qd4 Rd8 27. a6
Rcxd5 28. Qxd5 Rxd5 29. a7 Qxa7 30. Rxa7 Rxd2 31. Rxe7 Bb3 32. f3 Kg7 33. h3
Be6 34. Kh2 Kf6 35. Re8 Rb2 36. Rd8 Kg7 37. Rcd1 Ra2 38. R1d2 Ra3 39. R8d3 Ra5
40. Rc3 Rb5 41. g4 h5 42. Kg3 hxg4 43. hxg4 Ra5 44. Rdc2 Rd5 45. Rc5 Rd3 46.
R2c3 Rd1 47. Ra3 Rb1 48. Ra8 Rd1 49. Rb8 Rd3 50. Rbb5 Ra3 51. Rb2 Rd3 52. Rbc2
Rd1 53. R2c3 Re1 54. Rd3 Rb1 55. Ra5 Rc1 56. Rd8 Rc3 57. Raa8 Kf6 58. Ra4 Rc1
59. Rg8 Rd1 60. Ra5 Rd3 61. g5+ Ke7 62. Ra7+ Bd7 63. Rb8 Rd5 64. f4 Rd3+ 65.
Kf2 Rd6 66. Rbb7 Rd5 67. Rb6 Rd1 68. Ke2 Rd5 69. Ke3 Rd1 70. Rb4 Kf8 71. Ra8+
Ke7 72. Rd4 Re1+ 73. Kf2 Re6 74. Ra7 Rd6 75. Ke3 Rxd4 76. Kxd4 Kd6 77. Rb7 Be8
78. Rb6+ Kc7 79. Ra6 Kb7 80. Ra1 Kc6 81. Ke5 1-0